00488pam a2200181 a 450000100070000000500170000700800410002401000170006502000250008204000180010704100080012508000170013308200210015010000070017110100080017824500900018650400300027654782920180215065945.0880714s1989 ilua b 001 0 eng  a 88013138  a0256070687 :c$37.95 aDLCcDLCdDLC aeng a519.536 joh00a519.536 joh2191 a55 asta10aApplied linear regression models /cJohn Neter, William Wasserman, Michael H. Kutner. aBibliography: p. 657-661.